Vista normal
Vista MARC
Entrada Personal Name
Número de registros utilizados en: 1
001 - CONTROL NUMBER
- control field: 47
003 - CONTROL NUMBER IDENTIFIER
- control field: DO-SdBNP
005 - DATE AND TIME OF LATEST TRANSACTION
- control field: 20161110142437.0
008 - FIXED-LENGTH DATA ELEMENTS
- fixed length control field: 161110|| aca||aabn | a|a d
040 ## - CATALOGING SOURCE
- Original cataloging agency: DO-SdBNP
100 1# - HEADING--PERSONAL NAME
- Personal name: Hinojosa, Francisco
- Dates associated with a name: 1954-
670 ## - SOURCE DATA FOUND
- Source citation: Una semana en Lugano, 2009
- Information found: t.p.
670 ## - SOURCE DATA FOUND
- Source citation: Enciclopedia de la literatura en México
- Uniform Resource Identifier: http://www.elem.mx/autor/datos/527